[Event "April 9 Early 2024"]
[Site "Chess.com"]
[Date "2024.04.09"]
[Round "9"]
[White "Ghosh, Chanchal Kumer"]
[Black "Dilmukhametov, Artur"]
[Result "1-0"]
[Board "163"]
[WhiteFideId "10201858"]
[BlackFideId "24179922"]
[WhiteTitle "CM"]
[BlackTitle "FM"]
[WhiteElo "2270"]
[BlackElo "2409"]
[WhiteTeam "BAN"]
[BlackTeam "RUS"]
[WhiteClock "0:00:39"]
[BlackClock "0:00:03"]
[Variant "Standard"]

1. e4 {[%clk 0:02:55]}  e5 {[%clk 0:03:00]} 2. Nf3 {[%clk 0:02:55]}  d6 {[%clk 0:03:00]} 3. Bc4 {[%clk 0:02:55]}  Be7 {[%clk 0:03:00]} 4. c3 {[%clk 0:02:55]}  Nf6 {[%clk 0:03:01]} 5. d3 {[%clk 0:02:50]}  O-O {[%clk 0:03:01]} 6. h3 {[%clk 0:02:51]}  c6 {[%clk 0:03:02]} 7. Bb3 {[%clk 0:02:50]}  d5 {[%clk 0:03:03]} 8. exd5 {[%clk 0:02:47]}  cxd5 {[%clk 0:03:03]} 9. Nxe5 {[%clk 0:02:46]}  Bd6 {[%clk 0:02:53]} 10. Nf3 {[%clk 0:02:35]}  Re8+ {[%clk 0:02:53]} 11. Be3 {[%clk 0:02:34]}  Bf4 {[%clk 0:02:52]} 12. O-O {[%clk 0:02:17]}  Bxe3 {[%clk 0:02:50]} 13. fxe3 {[%clk 0:02:17]}  Rxe3 {[%clk 0:02:51]} 14. Nd4 {[%clk 0:02:10]}  Nc6 {[%clk 0:02:46]} 15. Nxc6 {[%clk 0:02:08]}  bxc6 {[%clk 0:02:47]} 16. Na3 {[%clk 0:02:03]}  Ba6 {[%clk 0:02:01]} 17. Rf3 {[%clk 0:01:45]}  Qe7 {[%clk 0:01:57]} 18. Nc2 {[%clk 0:01:43]}  Re5 {[%clk 0:00:35]} 19. Nd4 {[%clk 0:01:32]}  Bb7 {[%clk 0:00:35]} 20. Nf5 {[%clk 0:01:31]}  Qe6 {[%clk 0:00:32]} 21. Qf1 {[%clk 0:01:27]}  Re8 {[%clk 0:00:25]} 22. Nh6+ {[%clk 0:01:12]}  Kf8 {[%clk 0:00:23]} 23. Ng4 {[%clk 0:01:10]}  Nxg4 {[%clk 0:00:18]} 24. hxg4 {[%clk 0:01:11]}  Kg8 {[%clk 0:00:18]} 25. Rf5 {[%clk 0:01:06]}  Rxf5 {[%clk 0:00:13]} 26. gxf5 {[%clk 0:01:07]}  Qe3+ {[%clk 0:00:14]} 27. Qf2 {[%clk 0:01:06]}  Qe2 {[%clk 0:00:13]} 28. Qxa7 {[%clk 0:00:57]}  Qxb2 {[%clk 0:00:09]} 29. Rf1 {[%clk 0:00:55]}  Bc8 {[%clk 0:00:08]} 30. f6 {[%clk 0:00:54]}  g6 {[%clk 0:00:06]} 31. Qd4 {[%clk 0:00:51]}  Qe2 {[%clk 0:00:04]} 32. c4 {[%clk 0:00:44]}  Qe3+ {[%clk 0:00:04]} 33. Qxe3 {[%clk 0:00:43]}  Rxe3 {[%clk 0:00:05]} 34. cxd5 {[%clk 0:00:44]}  cxd5 {[%clk 0:00:06]} 35. Rc1 {[%clk 0:00:43]}  Be6 {[%clk 0:00:05]} 36. Bxd5 {[%clk 0:00:43]}  Rxd3 {[%clk 0:00:03]} 37. Bxe6 {[%clk 0:00:43]}  fxe6 {[%clk 0:00:04]} 38. Rc7 {[%clk 0:00:42]}  h5 {[%clk 0:00:01]} 39. Rg7+ {[%clk 0:00:41]}  Kf8 {[%clk 0:00:02]} 40. Rxg6 {[%clk 0:00:39]}  Kf7 {[%clk 0:00:03]} 41. Rg5 {[%clk 0:00:39]}  Rd5 {[%clk 0:00:03]} 42. Rxd5 {[%clk 0:00:39]}  exd5 {[%clk 0:00:04]} 43. a4 {[%clk 0:00:37]}  Kxf6 {[%clk 0:00:05]} 44. a5 {[%clk 0:00:38]}  Ke6 {[%clk 0:00:05]} 45. a6 {[%clk 0:00:38]}  Kd7 {[%clk 0:00:03]} 46. a7 {[%clk 0:00:39]} 1-0

[Event "April 9 Early 2024"]
[Site "Chess.com"]
[Date "2024.04.09"]
[Round "9"]
[White "Yushko, Olga"]
[Black "Novak, Ratko"]
[Result "0-1"]
[Board "165"]
[WhiteFideId "14114500"]
[BlackFideId "14511827"]
[WhiteTitle "WFM"]
[BlackTitle "CM"]
[WhiteElo "2255"]
[BlackElo "2406"]
[WhiteTeam "UKR"]
[BlackTeam "CRO"]
[WhiteClock "0:00:09"]
[BlackClock "0:00:12"]
[Variant "Standard"]

1. d4 {[%clk 0:02:59]}  d5 {[%clk 0:02:52]} 2. c4 {[%clk 0:02:59]}  c5 {[%clk 0:02:52]} 3. Nf3 {[%clk 0:02:57]}  cxd4 {[%clk 0:02:52]} 4. Nxd4 {[%clk 0:02:57]}  dxc4 {[%clk 0:02:51]} 5. e4 {[%clk 0:02:56]}  e5 {[%clk 0:02:51]} 6. Nf3 {[%clk 0:02:47]}  Qxd1+ {[%clk 0:02:51]} 7. Kxd1 {[%clk 0:02:48]}  Nc6 {[%clk 0:02:49]} 8. Bxc4 {[%clk 0:02:47]}  Bg4 {[%clk 0:02:49]} 9. Be3 {[%clk 0:02:44]}  f5 {[%clk 0:02:43]} 10. h3 {[%clk 0:02:40]}  O-O-O+ {[%clk 0:02:15]} 11. Nd2 {[%clk 0:02:32]}  fxe4 {[%clk 0:02:11]} 12. hxg4 {[%clk 0:02:27]}  exf3 {[%clk 0:02:11]} 13. gxf3 {[%clk 0:02:28]}  Bb4 {[%clk 0:02:10]} 14. Ke2 {[%clk 0:02:16]}  Bxd2 {[%clk 0:02:08]} 15. Bxd2 {[%clk 0:02:14]}  Nd4+ {[%clk 0:02:08]} 16. Kf1 {[%clk 0:02:09]}  Nxf3 {[%clk 0:02:00]} 17. Be6+ {[%clk 0:02:04]}  Kb8 {[%clk 0:01:58]} 18. Be3 {[%clk 0:02:04]}  Nf6 {[%clk 0:01:54]} 19. Kg2 {[%clk 0:02:01]}  Nd4 {[%clk 0:01:54]} 20. Bxd4 {[%clk 0:01:59]}  Rxd4 {[%clk 0:01:51]} 21. g5 {[%clk 0:01:52]}  Ne4 {[%clk 0:01:51]} 22. g6 {[%clk 0:01:41]}  h6 {[%clk 0:01:44]} 23. Rad1 {[%clk 0:01:24]}  Rhd8 {[%clk 0:01:43]} 24. Rxd4 {[%clk 0:01:23]}  Rxd4 {[%clk 0:01:44]} 25. Re1 {[%clk 0:01:19]}  Kc7 {[%clk 0:01:42]} 26. Bf5 {[%clk 0:01:10]}  Nd6 {[%clk 0:01:36]} 27. Rxe5 {[%clk 0:01:09]}  Nxf5 {[%clk 0:01:36]} 28. Rxf5 {[%clk 0:01:10]}  Rg4+ {[%clk 0:01:37]} 29. Kf3 {[%clk 0:01:06]}  Rxg6 {[%clk 0:01:37]} 30. Ke4 {[%clk 0:00:54]}  Kd6 {[%clk 0:01:22]} 31. Rd5+ {[%clk 0:00:44]}  Kc6 {[%clk 0:01:18]} 32. Rf5 {[%clk 0:00:44]}  Re6+ {[%clk 0:01:16]} 33. Kd4 {[%clk 0:00:42]}  Re2 {[%clk 0:01:16]} 34. Kc3 {[%clk 0:00:38]}  Re6 {[%clk 0:01:08]} 35. Rf7 {[%clk 0:00:32]}  g6 {[%clk 0:01:06]} 36. Kd4 {[%clk 0:00:30]}  h5 {[%clk 0:01:06]} 37. f4 {[%clk 0:00:29]}  a5 {[%clk 0:01:00]} 38. Rf8 {[%clk 0:00:26]}  Kb5 {[%clk 0:00:52]} 39. Kc3 {[%clk 0:00:19]}  Rc6+ {[%clk 0:00:49]} 40. Kd3 {[%clk 0:00:18]}  Kb4 {[%clk 0:00:48]} 41. Rf7 {[%clk 0:00:16]}  b5 {[%clk 0:00:47]} 42. f5 {[%clk 0:00:16]}  gxf5 {[%clk 0:00:45]} 43. Rxf5 {[%clk 0:00:17]}  Rh6 {[%clk 0:00:45]} 44. Rf4+ {[%clk 0:00:17]}  Kc5 {[%clk 0:00:45]} 45. Rf5+ {[%clk 0:00:18]}  Kc6 {[%clk 0:00:45]} 46. Rf3 {[%clk 0:00:18]}  h4 {[%clk 0:00:45]} 47. Rh3 {[%clk 0:00:18]}  Kd5 {[%clk 0:00:45]} 48. Kc3 {[%clk 0:00:17]}  Ke4 {[%clk 0:00:43]} 49. Kd2 {[%clk 0:00:17]}  Kf4 {[%clk 0:00:43]} 50. Ke2 {[%clk 0:00:16]}  Kg4 {[%clk 0:00:44]} 51. Rh1 {[%clk 0:00:16]}  Rf6 {[%clk 0:00:35]} 52. Rg1+ {[%clk 0:00:16]}  Kh3 {[%clk 0:00:35]} 53. Rh1+ {[%clk 0:00:16]}  Kg3 {[%clk 0:00:36]} 54. Rg1+ {[%clk 0:00:14]}  Kh2 {[%clk 0:00:35]} 55. Rg5 {[%clk 0:00:15]}  Rb6 {[%clk 0:00:32]} 56. Kf3 {[%clk 0:00:12]}  h3 {[%clk 0:00:31]} 57. Ke4 {[%clk 0:00:12]}  b4 {[%clk 0:00:24]} 58. Rxa5 {[%clk 0:00:11]}  Rh6 {[%clk 0:00:23]} 59. Rg5 {[%clk 0:00:10]}  Ra6 {[%clk 0:00:21]} 60. Kd3 {[%clk 0:00:08]}  Rxa2 {[%clk 0:00:19]} 61. Kc2 {[%clk 0:00:08]}  Ra1 {[%clk 0:00:13]} 62. Kb3 {[%clk 0:00:09]}  Rg1 {[%clk 0:00:12]} 63. Rh5 {[%clk 0:00:09]}  Rg4 {[%clk 0:00:11]} 64. Rh6 {[%clk 0:00:09]}  Kg2 {[%clk 0:00:12]} 65. Rc6 {[%clk 0:00:09]}  h2 {[%clk 0:00:12]} 66. Rc2+ {[%clk 0:00:09]}  Kh3 {[%clk 0:00:11]} 67. Rc4 {[%clk 0:00:09]}  Rxc4 {[%clk 0:00:10]} 68. Kxc4 {[%clk 0:00:10]}  h1=Q {[%clk 0:00:10]} 69. Kxb4 {[%clk 0:00:10]}  Qb7+ {[%clk 0:00:10]} 70. Kc3 {[%clk 0:00:10]}  Kg3 {[%clk 0:00:11]} 71. b4 {[%clk 0:00:11]}  Kf4 {[%clk 0:00:12]} 72. Kc4 {[%clk 0:00:09]}  Ke4 {[%clk 0:00:12]} 0-1

[Event "April 9 Early 2024"]
[Site "Chess.com"]
[Date "2024.04.09"]
[Round "9"]
[White "Cardozo Munar, Carlos Eduardo"]
[Black "Sodol, Georgiy"]
[Result "0-1"]
[Board "166"]
[WhiteFideId "4409477"]
[BlackFideId "14115212"]
[WhiteTitle "FM"]
[BlackTitle "FM"]
[WhiteElo "2213"]
[BlackElo "2404"]
[WhiteTeam "COL"]
[BlackTeam "UKR"]
[WhiteClock "0:00:00"]
[BlackClock "0:00:11"]
[Variant "Standard"]

1. e4 {[%clk 0:03:00]}  c6 {[%clk 0:02:59]} 2. Nf3 {[%clk 0:02:53]}  d5 {[%clk 0:02:59]} 3. Nc3 {[%clk 0:02:54]}  Bg4 {[%clk 0:02:59]} 4. d4 {[%clk 0:02:54]}  e6 {[%clk 0:02:56]} 5. exd5 {[%clk 0:02:52]}  cxd5 {[%clk 0:02:55]} 6. Be2 {[%clk 0:02:52]}  Nc6 {[%clk 0:02:55]} 7. O-O {[%clk 0:02:52]}  Nf6 {[%clk 0:02:48]} 8. Bg5 {[%clk 0:02:34]}  Bb4 {[%clk 0:02:35]} 9. Ne5 {[%clk 0:02:24]}  Bxc3 {[%clk 0:02:16]} 10. bxc3 {[%clk 0:02:11]}  Bxe2 {[%clk 0:02:08]} 11. Qxe2 {[%clk 0:02:11]}  Rc8 {[%clk 0:01:31]} 12. Rfe1 {[%clk 0:02:10]}  O-O {[%clk 0:01:27]} 13. Ng4 {[%clk 0:02:05]}  Nb8 {[%clk 0:00:59]} 14. Qf3 {[%clk 0:01:57]}  Nbd7 {[%clk 0:00:59]} 15. Rab1 {[%clk 0:01:42]}  Rc7 {[%clk 0:00:51]} 16. Rb3 {[%clk 0:01:11]}  Qe7 {[%clk 0:00:47]} 17. Kf1 {[%clk 0:01:04]}  Rfc8 {[%clk 0:00:46]} 18. h4 {[%clk 0:00:28]}  h6 {[%clk 0:00:36]} 19. Bd2 {[%clk 0:00:22]}  Ne4 {[%clk 0:00:29]} 20. Re2 {[%clk 0:00:12]}  Qxh4 {[%clk 0:00:28]} 21. Kg1 {[%clk 0:00:10]}  f5 {[%clk 0:00:21]} 22. Ne5 {[%clk 0:00:09]}  Nxe5 {[%clk 0:00:21]} 23. dxe5 {[%clk 0:00:10]}  b6 {[%clk 0:00:19]} 24. g3 {[%clk 0:00:09]}  Qh3 {[%clk 0:00:17]} 25. Be3 {[%clk 0:00:07]}  Nxc3 {[%clk 0:00:16]} 26. Rd2 {[%clk 0:00:04]}  Ne4 {[%clk 0:00:16]} 27. Rdd3 {[%clk 0:00:04]}  Rxc2 {[%clk 0:00:16]} 28. Bf4 {[%clk 0:00:01]}  g5 {[%clk 0:00:13]} 29. Be3 {[%clk 0:00:00]}  f4 {[%clk 0:00:11]} 0-1

[Event "April 9 Early 2024"]
[Site "Chess.com"]
[Date "2024.04.09"]
[Round "9"]
[White "Goh, Zi Han"]
[Black "Monpeurt, Cyrielle"]
[Result "1-0"]
[Board "167"]
[WhiteFideId "5819156"]
[BlackFideId "677400"]
[WhiteTitle "FM"]
[BlackTitle "WFM"]
[WhiteElo "2402"]
[BlackElo "2192"]
[WhiteTeam "SGP"]
[BlackTeam "FRA"]
[WhiteClock "0:00:14"]
[BlackClock "0:00:13"]
[Variant "Standard"]

1. c4 {[%clk 0:03:00]}  f5 {[%clk 0:02:59]} 2. g3 {[%clk 0:03:00]}  Nf6 {[%clk 0:02:59]} 3. Bg2 {[%clk 0:03:01]}  g6 {[%clk 0:03:00]} 4. Nf3 {[%clk 0:02:59]}  Bg7 {[%clk 0:03:00]} 5. d4 {[%clk 0:02:59]}  O-O {[%clk 0:03:00]} 6. O-O {[%clk 0:03:00]}  d6 {[%clk 0:03:01]} 7. b3 {[%clk 0:03:01]}  c6 {[%clk 0:03:00]} 8. Bb2 {[%clk 0:03:01]}  Qe8 {[%clk 0:02:59]} 9. Nbd2 {[%clk 0:03:02]}  Ne4 {[%clk 0:02:48]} 10. Nxe4 {[%clk 0:02:35]}  fxe4 {[%clk 0:02:49]} 11. Ng5 {[%clk 0:02:24]}  d5 {[%clk 0:02:50]} 12. cxd5 {[%clk 0:02:20]}  cxd5 {[%clk 0:02:50]} 13. f3 {[%clk 0:02:20]}  h6 {[%clk 0:02:43]} 14. Nh3 {[%clk 0:02:19]}  exf3 {[%clk 0:02:25]} 15. exf3 {[%clk 0:02:13]}  Nc6 {[%clk 0:02:21]} 16. Nf4 {[%clk 0:02:06]}  Rxf4 {[%clk 0:02:14]} 17. gxf4 {[%clk 0:02:06]}  Bf5 {[%clk 0:02:07]} 18. Qd2 {[%clk 0:02:05]}  Qd8 {[%clk 0:01:59]} 19. Rfe1 {[%clk 0:02:02]}  e6 {[%clk 0:01:59]} 20. Re5 {[%clk 0:01:45]}  Nxe5 {[%clk 0:01:52]} 21. fxe5 {[%clk 0:01:43]}  Rc8 {[%clk 0:01:46]} 22. Rc1 {[%clk 0:01:39]}  Kh7 {[%clk 0:01:43]} 23. Ba3 {[%clk 0:01:31]}  Rxc1+ {[%clk 0:01:38]} 24. Qxc1 {[%clk 0:01:32]}  Qb6 {[%clk 0:01:37]} 25. Qc5 {[%clk 0:01:26]}  Qxc5 {[%clk 0:01:26]} 26. Bxc5 {[%clk 0:01:25]}  a6 {[%clk 0:01:26]} 27. Kf2 {[%clk 0:01:23]}  Kg8 {[%clk 0:01:26]} 28. Ke3 {[%clk 0:01:23]}  Kf7 {[%clk 0:01:26]} 29. Bf1 {[%clk 0:01:21]}  Ke8 {[%clk 0:01:25]} 30. a4 {[%clk 0:01:20]}  Bf8 {[%clk 0:01:11]} 31. Bxf8 {[%clk 0:01:13]}  Kxf8 {[%clk 0:01:12]} 32. Kd2 {[%clk 0:01:08]}  Ke7 {[%clk 0:01:09]} 33. Kc3 {[%clk 0:01:09]}  Kd7 {[%clk 0:01:08]} 34. Kb4 {[%clk 0:00:58]}  Kc6 {[%clk 0:01:07]} 35. f4 {[%clk 0:00:58]}  Bc2 {[%clk 0:01:01]} 36. Be2 {[%clk 0:00:58]}  Bf5 {[%clk 0:01:01]} 37. h4 {[%clk 0:00:59]}  h5 {[%clk 0:00:59]} 38. Ka5 {[%clk 0:00:57]}  Bc2 {[%clk 0:00:57]} 39. b4 {[%clk 0:00:58]}  Kc7 {[%clk 0:00:55]} 40. b5 {[%clk 0:00:51]}  axb5 {[%clk 0:00:45]} 41. Bxb5 {[%clk 0:00:52]}  Bf5 {[%clk 0:00:37]} 42. Kb4 {[%clk 0:00:34]}  Bc2 {[%clk 0:00:35]} 43. Kc5 {[%clk 0:00:30]}  Bf5 {[%clk 0:00:32]} 44. Be8 {[%clk 0:00:23]}  Bc2 {[%clk 0:00:27]} 45. a5 {[%clk 0:00:17]}  Bf5 {[%clk 0:00:27]} 46. Ba4 {[%clk 0:00:16]}  Bd3 {[%clk 0:00:26]} 47. Bb5 {[%clk 0:00:16]}  Bf5 {[%clk 0:00:26]} 48. Be8 {[%clk 0:00:16]}  Bd3 {[%clk 0:00:25]} 49. Bf7 {[%clk 0:00:16]}  Bf5 {[%clk 0:00:25]} 50. Kb4 {[%clk 0:00:08]}  Kc6 {[%clk 0:00:21]} 51. Be8+ {[%clk 0:00:08]}  Kc7 {[%clk 0:00:22]} 52. Kb5 {[%clk 0:00:07]}  Bd3+ {[%clk 0:00:21]} 53. Kc5 {[%clk 0:00:07]}  Bf5 {[%clk 0:00:21]} 54. Bf7 {[%clk 0:00:07]}  Kb8 {[%clk 0:00:15]} 55. Kb6 {[%clk 0:00:08]}  Kc8 {[%clk 0:00:13]} 56. Kb5 {[%clk 0:00:07]}  Kc7 {[%clk 0:00:13]} 57. Kc5 {[%clk 0:00:07]}  Kb8 {[%clk 0:00:11]} 58. Kd6 {[%clk 0:00:07]}  Ka7 {[%clk 0:00:11]} 59. Bxe6 {[%clk 0:00:08]}  Ka6 {[%clk 0:00:10]} 60. Bxf5 {[%clk 0:00:08]}  gxf5 {[%clk 0:00:11]} 61. e6 {[%clk 0:00:08]}  Kxa5 {[%clk 0:00:12]} 62. e7 {[%clk 0:00:09]}  b5 {[%clk 0:00:13]} 63. e8=Q {[%clk 0:00:10]}  b4 {[%clk 0:00:13]} 64. Kxd5 {[%clk 0:00:11]}  b3 {[%clk 0:00:14]} 65. Qa8+ {[%clk 0:00:11]}  Kb4 {[%clk 0:00:14]} 66. Qb8+ {[%clk 0:00:12]}  Kc3 {[%clk 0:00:15]} 67. Qxb3+ {[%clk 0:00:13]}  Kxb3 {[%clk 0:00:15]} 68. Ke5 {[%clk 0:00:14]}  Kc4 {[%clk 0:00:13]} 69. d5 {[%clk 0:00:14]} 1-0

[Event "April 9 Early 2024"]
[Site "Chess.com"]
[Date "2024.04.09"]
[Round "9"]
[White "Wueest, Andrin"]
[Black "Ho, In Hei Henry"]
[Result "1-0"]
[Board "168"]
[WhiteFideId "1300881"]
[BlackFideId "6002552"]
[WhiteTitle "CM"]
[BlackTitle "FM"]
[WhiteElo "2401"]
[BlackElo "2176"]
[WhiteTeam "SUI"]
[BlackTeam "HKG"]
[WhiteClock "0:00:13"]
[BlackClock "0:00:09"]
[Variant "Standard"]

1. d4 {[%clk 0:03:00]}  Nf6 {[%clk 0:02:59]} 2. Nf3 {[%clk 0:02:59]}  e6 {[%clk 0:03:00]} 3. e3 {[%clk 0:02:57]}  d5 {[%clk 0:03:00]} 4. Bd3 {[%clk 0:02:57]}  Be7 {[%clk 0:03:00]} 5. Nbd2 {[%clk 0:02:57]}  O-O {[%clk 0:03:01]} 6. O-O {[%clk 0:02:58]}  Nbd7 {[%clk 0:03:01]} 7. Re1 {[%clk 0:02:57]}  c5 {[%clk 0:03:02]} 8. c3 {[%clk 0:02:58]}  b6 {[%clk 0:03:01]} 9. e4 {[%clk 0:02:58]}  dxe4 {[%clk 0:03:00]} 10. Nxe4 {[%clk 0:02:57]}  Bb7 {[%clk 0:03:01]} 11. Qe2 {[%clk 0:02:55]}  Rc8 {[%clk 0:02:58]} 12. dxc5 {[%clk 0:02:54]}  Nxe4 {[%clk 0:02:53]} 13. Bxe4 {[%clk 0:02:52]}  Bxe4 {[%clk 0:02:53]} 14. Qxe4 {[%clk 0:02:53]}  Nf6 {[%clk 0:02:47]} 15. Qe2 {[%clk 0:02:39]}  Rxc5 {[%clk 0:02:43]} 16. Be3 {[%clk 0:02:37]}  Rd5 {[%clk 0:02:42]} 17. c4 {[%clk 0:02:35]}  Rd7 {[%clk 0:02:40]} 18. Ne5 {[%clk 0:02:35]}  Rc7 {[%clk 0:02:40]} 19. Rad1 {[%clk 0:02:34]}  Qc8 {[%clk 0:02:23]} 20. Bf4 {[%clk 0:02:33]}  Rd8 {[%clk 0:02:14]} 21. Rxd8+ {[%clk 0:02:32]}  Qxd8 {[%clk 0:02:11]} 22. Nxf7 {[%clk 0:02:26]}  Kxf7 {[%clk 0:02:07]} 23. Qxe6+ {[%clk 0:02:26]}  Kf8 {[%clk 0:02:05]} 24. Bxc7 {[%clk 0:02:26]}  Qxc7 {[%clk 0:02:05]} 25. b3 {[%clk 0:02:25]}  Bc5 {[%clk 0:01:56]} 26. h3 {[%clk 0:02:12]}  Qf4 {[%clk 0:01:52]} 27. Qe2 {[%clk 0:01:53]}  Bd6 {[%clk 0:01:38]} 28. g3 {[%clk 0:01:50]}  Qf5 {[%clk 0:01:34]} 29. Kg2 {[%clk 0:01:46]}  Bc5 {[%clk 0:01:30]} 30. f4 {[%clk 0:01:41]}  h6 {[%clk 0:01:20]} 31. Qe6 {[%clk 0:01:21]}  Qxe6 {[%clk 0:01:10]} 32. Rxe6 {[%clk 0:01:22]}  Kf7 {[%clk 0:01:11]} 33. Rc6 {[%clk 0:01:15]}  a5 {[%clk 0:01:11]} 34. Rc7+ {[%clk 0:01:13]}  Kg6 {[%clk 0:01:07]} 35. g4 {[%clk 0:01:10]}  Bd6 {[%clk 0:01:02]} 36. f5+ {[%clk 0:01:06]}  Kh7 {[%clk 0:00:57]} 37. Rc6 {[%clk 0:01:05]}  Bc5 {[%clk 0:00:55]} 38. Kf3 {[%clk 0:01:05]}  Nd7 {[%clk 0:00:52]} 39. Ke4 {[%clk 0:01:01]}  Kg8 {[%clk 0:00:47]} 40. Kd5 {[%clk 0:00:58]}  Nf6+ {[%clk 0:00:46]} 41. Ke6 {[%clk 0:00:58]}  Ne4 {[%clk 0:00:45]} 42. Rc8+ {[%clk 0:00:53]}  Kh7 {[%clk 0:00:45]} 43. h4 {[%clk 0:00:44]}  Bf2 {[%clk 0:00:42]} 44. Ke5 {[%clk 0:00:34]}  Nc3 {[%clk 0:00:35]} 45. g5 {[%clk 0:00:31]}  hxg5 {[%clk 0:00:28]} 46. hxg5 {[%clk 0:00:30]}  Nxa2 {[%clk 0:00:22]} 47. g6+ {[%clk 0:00:23]}  Kh6 {[%clk 0:00:21]} 48. Kf4 {[%clk 0:00:24]}  Be3+ {[%clk 0:00:15]} 49. Kxe3 {[%clk 0:00:24]}  Kg5 {[%clk 0:00:15]} 50. Ke4 {[%clk 0:00:19]}  Nb4 {[%clk 0:00:16]} 51. Rc7 {[%clk 0:00:17]}  Na6 {[%clk 0:00:12]} 52. Rxg7 {[%clk 0:00:15]}  Nc5+ {[%clk 0:00:12]} 53. Kd5 {[%clk 0:00:15]}  Nxb3 {[%clk 0:00:11]} 54. Rb7 {[%clk 0:00:15]}  a4 {[%clk 0:00:10]} 55. g7 {[%clk 0:00:14]}  Kxf5 {[%clk 0:00:10]} 56. g8=Q {[%clk 0:00:14]}  Nc5 {[%clk 0:00:09]} 57. Rf7# {[%clk 0:00:13]} 1-0

[Event "April 9 Early 2024"]
[Site "Chess.com"]
[Date "2024.04.09"]
[Round "9"]
[White "Morales Carlos"]
[Black "Meza Astrada, Agustin"]
[Result "1/2-1/2"]
[Board "171"]
[WhiteFideId "6706754"]
[BlackFideId "20018770"]
[WhiteTitle "FM"]
[BlackTitle "CM"]
[WhiteElo "2345"]
[BlackElo "2214"]
[WhiteTeam "ESA"]
[BlackTeam "ARG"]
[WhiteClock "0:00:36"]
[BlackClock "0:00:26"]
[Variant "Standard"]

1. e4 {[%clk 0:02:58]}  e6 {[%clk 0:02:58]} 2. d4 {[%clk 0:02:57]}  d5 {[%clk 0:02:59]} 3. Nd2 {[%clk 0:02:56]}  dxe4 {[%clk 0:02:59]} 4. Nxe4 {[%clk 0:02:56]}  Bd7 {[%clk 0:03:00]} 5. Nf3 {[%clk 0:02:55]}  Bc6 {[%clk 0:03:00]} 6. Bd3 {[%clk 0:02:55]}  Nd7 {[%clk 0:03:00]} 7. O-O {[%clk 0:02:54]}  Ngf6 {[%clk 0:03:00]} 8. Ng3 {[%clk 0:02:54]}  Bxf3 {[%clk 0:02:57]} 9. Qxf3 {[%clk 0:02:54]}  c6 {[%clk 0:02:58]} 10. Rd1 {[%clk 0:02:53]}  Be7 {[%clk 0:02:54]} 11. c4 {[%clk 0:02:49]}  O-O {[%clk 0:02:53]} 12. Bd2 {[%clk 0:02:48]}  Re8 {[%clk 0:02:44]} 13. Bc3 {[%clk 0:02:47]}  Nf8 {[%clk 0:02:40]} 14. b4 {[%clk 0:02:44]}  a6 {[%clk 0:02:38]} 15. a4 {[%clk 0:02:44]}  Qd7 {[%clk 0:02:34]} 16. Rab1 {[%clk 0:02:38]}  b5 {[%clk 0:02:27]} 17. d5 {[%clk 0:02:11]}  exd5 {[%clk 0:02:15]} 18. cxb5 {[%clk 0:02:11]}  cxb5 {[%clk 0:02:09]} 19. Nf5 {[%clk 0:02:09]}  Bd8 {[%clk 0:02:02]} 20. h4 {[%clk 0:01:58]}  Ne6 {[%clk 0:01:55]} 21. Be5 {[%clk 0:01:44]}  Rc8 {[%clk 0:01:52]} 22. Qg3 {[%clk 0:01:38]}  Bc7 {[%clk 0:01:41]} 23. Bxc7 {[%clk 0:01:24]}  Qxc7 {[%clk 0:01:42]} 24. Nd6 {[%clk 0:01:20]}  Nh5 {[%clk 0:01:40]} 25. Nxe8 {[%clk 0:01:13]}  Qxg3 {[%clk 0:01:36]} 26. fxg3 {[%clk 0:01:12]}  Rxe8 {[%clk 0:01:36]} 27. axb5 {[%clk 0:01:11]}  axb5 {[%clk 0:01:37]} 28. Bxb5 {[%clk 0:01:11]}  Rb8 {[%clk 0:01:38]} 29. Bc6 {[%clk 0:01:10]}  d4 {[%clk 0:01:38]} 30. b5 {[%clk 0:01:10]}  Nxg3 {[%clk 0:01:37]} 31. b6 {[%clk 0:01:10]}  Ne2+ {[%clk 0:01:37]} 32. Kf2 {[%clk 0:01:09]}  Nc3 {[%clk 0:01:36]} 33. Rdc1 {[%clk 0:01:04]}  Nxb1 {[%clk 0:01:33]} 34. Rxb1 {[%clk 0:01:05]}  Kf8 {[%clk 0:01:28]} 35. b7 {[%clk 0:00:57]}  Ke7 {[%clk 0:01:27]} 36. Bf3 {[%clk 0:00:55]}  Kd6 {[%clk 0:01:26]} 37. Ke2 {[%clk 0:00:55]}  Nf4+ {[%clk 0:01:14]} 38. Kd2 {[%clk 0:00:55]}  h6 {[%clk 0:00:59]} 39. Ra1 {[%clk 0:00:51]}  g5 {[%clk 0:00:57]} 40. Ra6+ {[%clk 0:00:38]}  Kc7 {[%clk 0:00:55]} 41. Rxh6 {[%clk 0:00:35]}  gxh4 {[%clk 0:00:49]} 42. Rf6 {[%clk 0:00:32]}  Ne6 {[%clk 0:00:47]} 43. Rxf7+ {[%clk 0:00:32]}  Kd6 {[%clk 0:00:43]} 44. Rf5 {[%clk 0:00:24]}  Nd8 {[%clk 0:00:30]} 45. Rd5+ {[%clk 0:00:23]}  Kc7 {[%clk 0:00:30]} 46. Rxd4 {[%clk 0:00:22]}  Nxb7 {[%clk 0:00:30]} 47. Rc4+ {[%clk 0:00:20]}  Kd8 {[%clk 0:00:13]} 48. Rb4 {[%clk 0:00:19]}  Kc7 {[%clk 0:00:13]} 49. Rxb7+ {[%clk 0:00:18]}  Rxb7 {[%clk 0:00:14]} 50. Bxb7 {[%clk 0:00:18]}  Kxb7 {[%clk 0:00:15]} 51. Ke3 {[%clk 0:00:18]}  Kc7 {[%clk 0:00:16]} 52. Kf4 {[%clk 0:00:19]}  Kd6 {[%clk 0:00:17]} 53. Kg5 {[%clk 0:00:20]}  Ke5 {[%clk 0:00:17]} 54. Kxh4 {[%clk 0:00:20]}  Kf6 {[%clk 0:00:17]} 55. Kg3 {[%clk 0:00:19]}  Kg5 {[%clk 0:00:17]} 56. Kf3 {[%clk 0:00:19]}  Kf5 {[%clk 0:00:17]} 57. Kf2 {[%clk 0:00:19]}  Kf4 {[%clk 0:00:17]} 58. Kg1 {[%clk 0:00:20]}  Kg4 {[%clk 0:00:18]} 59. Kh2 {[%clk 0:00:20]}  Kh4 {[%clk 0:00:18]} 60. Kh1 {[%clk 0:00:21]}  Kg4 {[%clk 0:00:19]} 61. Kg1 {[%clk 0:00:22]}  Kg3 {[%clk 0:00:17]} 62. Kf1 {[%clk 0:00:20]}  Kg4 {[%clk 0:00:18]} 63. Ke2 {[%clk 0:00:20]}  Kg3 {[%clk 0:00:17]} 64. Kf1 {[%clk 0:00:20]}  Kg4 {[%clk 0:00:17]} 65. Kf2 {[%clk 0:00:20]}  Kf4 {[%clk 0:00:18]} 66. g3+ {[%clk 0:00:21]}  Kg4 {[%clk 0:00:19]} 67. Kg2 {[%clk 0:00:21]}  Kg5 {[%clk 0:00:19]} 68. Kh3 {[%clk 0:00:22]}  Kh5 {[%clk 0:00:19]} 69. Kg2 {[%clk 0:00:23]}  Kg5 {[%clk 0:00:20]} 70. Kf3 {[%clk 0:00:24]}  Kf5 {[%clk 0:00:20]} 71. g4+ {[%clk 0:00:25]}  Kg5 {[%clk 0:00:21]} 72. Kg3 {[%clk 0:00:26]}  Kg6 {[%clk 0:00:21]} 73. Kh4 {[%clk 0:00:26]}  Kh6 {[%clk 0:00:22]} 74. Kh3 {[%clk 0:00:26]}  Kg6 {[%clk 0:00:23]} 75. Kg2 {[%clk 0:00:26]}  Kh6 {[%clk 0:00:22]} 76. Kf3 {[%clk 0:00:26]}  Kg6 {[%clk 0:00:22]} 77. Ke4 {[%clk 0:00:26]}  Kg5 {[%clk 0:00:22]} 78. Kf3 {[%clk 0:00:27]}  Kg6 {[%clk 0:00:23]} 79. Kf4 {[%clk 0:00:28]}  Kf6 {[%clk 0:00:23]} 80. g5+ {[%clk 0:00:29]}  Kg6 {[%clk 0:00:23]} 81. Kg4 {[%clk 0:00:30]}  Kg7 {[%clk 0:00:24]} 82. Kh4 {[%clk 0:00:31]}  Kh7 {[%clk 0:00:24]} 83. Kg3 {[%clk 0:00:31]}  Kg7 {[%clk 0:00:24]} 84. Kg4 {[%clk 0:00:32]}  Kg6 {[%clk 0:00:24]} 85. Kf4 {[%clk 0:00:32]}  Kg7 {[%clk 0:00:24]} 86. Kf5 {[%clk 0:00:33]}  Kf7 {[%clk 0:00:25]} 87. g6+ {[%clk 0:00:34]}  Kg7 {[%clk 0:00:26]} 88. Kg5 {[%clk 0:00:35]}  Kg8 {[%clk 0:00:26]} 89. Kh5 {[%clk 0:00:36]}  Kg7 {[%clk 0:00:25]} 90. Kg5 {[%clk 0:00:35]}  Kg8 {[%clk 0:00:26]} 91. Kf6 {[%clk 0:00:36]}  Kf8 {[%clk 0:00:26]} 92. Kf5 {[%clk 0:00:36]}  Kg8 {[%clk 0:00:26]} 93. Ke6 {[%clk 0:00:36]}  Kg7 {[%clk 0:00:26]} 94. Kf5 {[%clk 0:00:37]}  Kg8 {[%clk 0:00:27]} 95. Kg5 {[%clk 0:00:36]}  Kg7 {[%clk 0:00:26]} 96. Kf5 {[%clk 0:00:36]}  Kg8 {[%clk 0:00:26]} 1/2-1/2